| 000 | 00570 a2200241 4500 | ||
|---|---|---|---|
| 260 | _aParis | ||
| 630 | _a57 - Biologie | ||
| 037 | _b1, CIUF | ||
| 650 | _a5 - SCIENCES EXACTES ET NATURELLES | ||
| 100 | _aBeaumont, Simon | ||
| 260 | _bEdiScience | ||
| 245 | _aBiologie moléculaire : cours, exercices, annales et QCM corrigés | ||
| 300 | _a318 p | ||
| 650 | _aBiologie moléculaire | ||
| 260 | _c2006 | ||
| 300 | _b24 cm | ||
| 100 | _lFr | ||
| 440 | _aConcours : PCEM 1 | ||
| 037 | _a07/110 | ||
| 020 | _a2 10 049650 6 | ||
| 999 |
_c45534 _d45534 |
||